Robots and Manufacturing Automation / (Record no. 34074)

000 -LEADER
fixed length control field 00351nam a22001457a 4500
020 ## - INTERNATIONAL STANDARD BOOK NUMBER
International Standard Book Number 978-81-265-2876-9
082 ## - DEWEY DECIMAL CLASSIFICATION NUMBER
Classification number 670.427
100 ## - MAIN ENTRY--PERSONAL NAME
Personal name Asfahl. Ray C.
245 ## - TITLE STATEMENT
Title Robots and Manufacturing Automation /
250 ## - EDITION STATEMENT
Edition statement 2nd ed.
260 ## - PUBLICATION, DISTRIBUTION, ETC.
Place of publication, distribution, etc. New Delhi :
Name of publisher, distributor, etc. John Wiley ,
Date of publication, distribution, etc. 2011.
300 ## - PHYSICAL DESCRIPTION
Extent 487 p. ;
Other physical details 23 cm.
500 ## - GENERAL NOTE
General note Paperback.
942 ## - ADDED ENTRY ELEMENTS (KOHA)
Koha item type Book
Holdings
Withdrawn status Lost status Source of classification or shelving scheme Damaged status Not for loan Permanent Location Current Location Date acquired Total Checkouts Full call number Barcode Date last seen Price effective from Koha item type
          Central Library (CL) Central Library (CL) 05/25/2016   670.427 ASF SMME-3251 07/17/2023 05/25/2016 Book
© 2023 Central Library, National University of Sciences and Technology. All Rights Reserved.